Literature: Person, Animal, or Object? Quiz Stats

 Plays Quiz Updated Mar 10, 2018

Challenge
Share
Tweet
Embed
Score 0/20 Timer 03:00
2 Plays Today
Title Person (P), Animal (A), or Object (O) % Correct
Stuart Little???
82.1%
Black Beauty???
81.5%
The Great Gatsby???
79.7%
Fantastic Mr. Fox???
78.5%
The Rescuers???
68.1%
Artemis Fowl???
67.9%
The Maltese Falcon???
61.8%
Herzog???
60.8%
The Crying of Lot 49???
59.7%
Babbitt???
58.8%
Title Person (P), Animal (A), or Object (O) % Correct
Christine???
50.9%
Looking for Alaska???
48.5%
Jonathan Livingston Seagull???
48%
Rabbit, Run???
47.3%
Howards End???
47.2%
Hatchet???
44.1%
The Caine Mutiny???
43.4%
The Gold-Bug???
34.4%
The Goldfinch???
33.5%
The Sea-Wolf???
22.2%

You're not logged in!

Compare scores with friends on all Sporcle quizzes.
Join for Free
OR
Log In

You Might Also Like...

Show Comments

Extras

Top Quizzes Today


Score Distribution

Your Account Isn't Verified!

In order to create a playlist on Sporcle, you need to verify the email address you used during registration. Go to your Sporcle Settings to finish the process.

Report this User

Report this user for behavior that violates our Community Guidelines.

Details: